El Desafío indígena en Nicaragua: el caso de los miskitos

Gespeichert in:
Bibliographische Detailangaben
1. Verfasser: Jankins Molieri, Jorge
Format: Text
Veröffentlicht: México D.F: Katún
Tags: Tag hinzufügen
Keine Tags, Fügen Sie den ersten Tag hinzu!

MARC

LEADER 00000 a a2200000 04500
001 25090
003
040
020 |a 968-850-050-X  
090 |a 179200  
100 |a Jankins Molieri, Jorge  
245 |a El Desafío indígena en Nicaragua: el caso de los miskitos  
260 |a México D.F:   |b Katún  
300 |a 301 p   |b **no definido**   |b il.   |b fonodiscos   |b map.  
999 |c 8273  |d 8273